|
|
|
|
| LEADER |
00982nam a2200253 a 4500 |
| 001 |
1632943 |
| 008 |
090820s1997 enka bd 001 0 eng d |
| 010 |
|
|
|a 96003104
|
| 020 |
|
|
|a 0521550505
|
| 020 |
|
|
|a 0521559677 (pbk.)
|
| 040 |
|
|
|a DLC
|c DLC
|d DLC
|
| 082 |
0 |
0 |
|a 403
|2 20
|
| 100 |
1 |
|
|a Crystal, David,
|d 1941-
|
| 245 |
1 |
4 |
|a The Cambridge encyclopedia of language /
|c David Crystal.
|
| 250 |
|
|
|a 2nd ed.
|
| 260 |
|
|
|a Cambridge ;
|a New York :
|b Cambridge University Press,
|c 1997.
|
| 300 |
|
|
|a 480 p. :
|b ill. (col.) ;
|c 27 cm.
|
| 504 |
|
|
|a Includes bibliographical references (p. 451-458) and indexes.
|
| 541 |
1 |
|
|e 00009437
|
| 650 |
|
0 |
|a Language and languages
|x Dictionaries.
|
| 650 |
|
0 |
|a Linguistics
|x Dictionaries.
|
| 852 |
4 |
|
|a Ayesha Abed Library
|j General Shelf.
|
| 999 |
|
|
|c 3462
|d 3462
|
| 952 |
|
|
|0 0
|1 4
|2 ddc
|4 0
|6 403_000000000000000_CRY
|7 0
|9 3142
|a BRACUL
|b BRACUL
|c GEN
|d 2009-09-01
|g 0.00
|l 0
|o 403 CRY
|p 3010009437
|r 2009-09-01
|t 1
|w 2009-09-01
|y BK
|x No price found in the accession register.
|